3 personnages, 1 série - Statistiques

Statistiques générales
  • Ce quiz a été pris 370 fois
  • Le résultat moyen est 14 sur 46
Statistiques - réponses
Hint Réponse % Correct
Mercredi, Enid, Tyler Mercredi
79%
Tokyo, Rio, Nairobi La casa de papel
72%
Eleven, Max, Will Stranger Things
71%
JJ, John B, Kiara Outer Banks
69%
Marcus, Ginny, Georgia Ginny & Georgia
64%
Elena, Damon, Stefan The Vampire Diaries
63%
Blair, Chuck, Selena Gossip Girl
62%
Veronica, Betty, Jughead Riverdale
54%
Carla, Samuel, Polo Elite
48%
Lydia, Scott, Stiles Teen Wolf
48%
Ruby, Maeve, Otis Sex Education
47%
Clarke, Bellamy, Octavia The 100
47%
Belly, Conrad, Jeremiah L'été ou je suis devenue jolie
45%
Paxton, Ben, Devi Mes premieres fois
44%
Rick, Daryl, Maggie The Walking Dead
41%
Klaus, Elijah, Hayley The Originals
40%
Hannah, Clay, Justin 13 reason's Why
35%
Walter, Jesse, Gustavo Breaking Bad
35%
Seong, Kang, Cho Squid Game
32%
Maddy, Cassie, Rue Euphoria
29%
Alison, Charlotte, Aria Pretty Little Liars
29%
Chloe, Mazikeen, Amenadiel Lucifer
28%
Joe, Love, Ellie You
28%
Lizzie, Josie, Hope Legacies
26%
Klaus, Luther, Cinq Umbrella Academy
26%
Jackie, Cole, Alex Ma vie avec les Walter boys
25%
Michael, Theodore, Sara Prison Break
23%
Jace, Alec, Clary Shadow Hunter
22%
Carl, Fiona, Ian Shameless
20%
Yennefer, Ciri, Geralt The Witcher
19%
Nick, Charlie, Jack Heartstopper
18%
Margaret, Winston, Diana The Crown
16%
Jinx, Vi, Viktor Arcane
14%
Robby, Eli, Miguel Cobra Kai
14%
Summer, Ari, Bodhi Surviving Summer
12%
Thomas, Grace, Arthur Peaky Blinders
11%
Ellie, Joel, Abby The Last Of Us
11%
Patty, Brick, Bob Insasiable
7%
Tyler, Bode, Kinsey Locke and Key
6%
Sofia, Raul, Javier Control Z
5%
Jeffrey, Tracy, Glenda Dahmer
5%
Addy, Cooper, Bronwny Qui ment ?
5%
Rasmus, Simone, Beatrice The Rain
5%
Beth, Benny, Harry Le jeu de la dame
4%
Alicia, Morgan, Troy Fear The Walking Dead
3%
Bogdan, Jodie, Anita Harley, coeur a vif
0%
Aucun quiz correspondant
Distribution des résultats
% des personnes avec chaque résultat
Percentile par nombre de réponses
Votre historique - résultats
Vous n’avez pas pris ce quiz